The abduction of Princess Chriemhild : a romance /

Bibliographic Details
Main Author: Griffin, La Roy F. (La Roy Freese), 1844-1916
Format: Microform Book
Language:English
Published: New York : R.L. Weed, [1898]

MARC

Tag First Indicator Second Indicator Subfields
LEADER 00000cam a2200000 a 4500
001 in00000748992
005 20151016092316.0
007 hd afa014baca
008 760827s1898 ctu a 00011 eng d
035 |a (OCoLC)02399822 
035 |9 ADH5808AM 
040 |a JNA  |c JNA  |d LWS  |d UtOrBLW 
049 |a TXAI 
090 |a PS15 
099 |a film  |a B  |a 1551 
100 1 |a Griffin, La Roy F.  |q (La Roy Freese),  |d 1844-1916. 
245 1 4 |a The abduction of Princess Chriemhild :  |b a romance /  |c Le Roy F. Griffin ; assisted by the best efforts of two friends. 
264 1 |a New York :  |b R.L. Weed,  |c [1898] 
264 4 |c ©1898 
300 |a 295 pages ;  |c 20 cm. 
336 |a text  |b txt  |2 rdacontent 
337 |a microform  |b h  |2 rdamedia 
338 |a microfilm reel  |b hd  |2 rdacarrier 
533 |a Microfilm.  |b Woodbridge, Conn. :  |c Research Publications,  |d 1970-1978.  |e 1 microfilm reel ; 35 mm.  |f (Wright American fiction ; v. 3 (1876-1900), reel G-25, no. 2282) 
500 |a Microform. 
999 |a MARS 
999 f f |s 2990095e-b45e-35df-8dff-b0329e7701ce  |i e9205b5b-c3da-352e-9761-297592d7773a  |t 0 
952 f f |p default  |a Texas A&M University  |b College Station  |c Sterling C. Evans Library  |d Evans: Microforms (3rd floor)  |t 0  |e film B 1551 v.3 reel G-25 no.2282  |h Other scheme  |i microform -- microfilm reel 
998 f f |a film B 1551 v.3 reel G-25 no.2282  |t 0  |l Evans: Microforms (3rd floor)